Costing. (3rd ed.) (Record no. 62567)

MARC details
000 -LEADER
fixed length control field 00832nam a2200193 a 4500
008 - FIXED-LENGTH DATA ELEMENTS--GENERAL INFORMATION
fixed length control field 120416s1989 ||||||||||||||||| || u
020 ## - INTERNATIONAL STANDARD BOOK NUMBER
International Standard Book Number 1870941470
050 ## - LIBRARY OF CONGRESS CALL NUMBER
Classification number HF 5686 .C8 Luc
100 ## - MAIN ENTRY--PERSONAL NAME
Personal name Lucey, T
245 10 - TITLE STATEMENT
Title Costing. (3rd ed.)
250 ## - EDITION STATEMENT
Edition statement 3rd ed.
260 ## - PUBLICATION, DISTRIBUTION, ETC.
Place of publication, distribution, etc. London:
Name of publisher, distributor, etc. ELBS/DP publications
Date of publication, distribution, etc. 1989
300 ## - PHYSICAL DESCRIPTION
Extent ix, 608p. : ill.
350 ## -
-- 0.00
650 ## - SUBJECT ADDED ENTRY--TOPICAL TERM
Topical term or geographic name entry element COSTING
995 ## -
-- SHORT LOAN BOOKS
-- 722335
-- CBU-MAIN LIBRARY (Kitwe)
-- 0.00
-- HF 5686 .C8 Luc
-- 3
-- AVAILABLE
-- Jun 8, 2016
-- 722335
-- Short Loan Collection
995 ## -
-- MAIN LIBRARY OPEN ACCESS
-- 0.00
-- 722332
-- CBU-MAIN LIBRARY (Kitwe)
-- 1
-- 3.00
-- HF 5686.C8 Luc
-- 1
-- LOST
-- 008068
-- Main Library Open Access Collection
995 ## -
-- SHORT LOAN BOOKS
-- 0.00
-- 722334
-- CBU-MAIN LIBRARY (Kitwe)
-- 3
-- 3.00
-- HF 5686.C8 Luc
-- 2
-- AVAILABLE
-- 020270
-- Short Loan Collection
999 ## -
-- 62567
-- 62567
Holdings
Withdrawn status Lost status Source of classification or shelving scheme Damaged status Not for loan Permanent Location Current Location Shelving location Date acquired Total Checkouts Full call number Barcode Date last seen Price effective from Koha item type
          CBU-MAIN LIBRARY, KITWE. CBU-MAIN LIBRARY, KITWE.   12/13/2022   HF 5686 .C8 Luc 722335 12/13/2022 12/13/2022 MONOGRAPH
          CBU-MAIN LIBRARY, KITWE. CBU-MAIN LIBRARY, KITWE.   12/13/2022   HF 5686 .C8 Luc 008068 12/13/2022 12/13/2022 MONOGRAPH
          CBU-MAIN LIBRARY, KITWE. CBU-MAIN LIBRARY, KITWE.   12/13/2022   HF 5686 .C8 Luc 020270 12/13/2022 12/13/2022 MONOGRAPH